000
00308nam a2200133Ia 4500
100
_a
Tyagi/M.S
942
_c
BK
245
_a
Introduction to semiconductor materials and devices
260
_b
Wiley India
_c
2005
082
_a
621.38152
_b
TYA
300
_a
669
546
_a
ENGLISH
_c
PAMPHALETS
999
_c
23741
_d
23741